[Event "Titled Tuesday intern op 14th Mar Early"]
[Site "Chess.com INT"]
[Date "2023.03.14"]
[Round "4"]
[White "Bennett, Patrick"]
[Black "Sailer, Mike L"]
[Result "1-0"]
[WhiteElo "1950"]
[BlackElo "2109"]
[PlyCount "61"]
[EventDate "2023.03.14"]
[EventType "swiss (blitz)"]
[EventRounds "11"]
[EventCountry "USA"]
[SourceTitle "EXT 2024"]
[Source "ChessBase"]
[SourceDate "2023.10.10"]
[SourceVersion "1"]
[SourceVersionDate "2023.10.10"]
[SourceQuality "1"]

1. d4 d5 2. c4 Bf5 3. Nc3 e6 4. Nf3 Nc6 5. Bf4 Nf6 6. e3 Bb4 7. Bd3 Bxd3 8. Qxd3 Ne4 9. 0-0 0-0 10. Nxe4 dxe4 11. Qxe4 Bd6 12. Ng5 g6 13. Bxd6 cxd6 14. Qh4 h5 15. g4 Kg7 16. gxh5 Rh8 17. Qf4 Qe7 18. hxg6 fxg6 19. d5 exd5 20. cxd5 Ne5 21. Ne6+ Kh7 22. Rac1 Rhc8 23. Ng5+ Kg8 24. Ne6 Kh7 25. Qg3 Qf6 26. f4 Nd3 27. Rxc8 Rxc8 28. f5 g5 29. Nxg5+ Qxg5 30. Qxg5 Rg8 31. Qxg8+ 1-0

[Event "Titled Tuesday intern op 28th Feb Early"]
[Site "Chess.com INT"]
[Date "2023.02.28"]
[Round "4"]
[White "Shuvalova, Polina"]
[Black "Bennett, Patrick"]
[Result "0-1"]
[WhiteElo "2498"]
[BlackElo "1950"]
[PlyCount "60"]
[EventDate "2023.02.28"]
[EventType "swiss (blitz)"]
[EventRounds "11"]
[EventCountry "USA"]
[SourceTitle "CBM 213 Extra"]
[Source "ChessBase"]
[SourceDate "2023.05.31"]
[SourceVersion "1"]
[SourceVersionDate "2023.05.31"]
[SourceQuality "1"]

1. e4 c5 2. Nf3 d6 3. d4 cxd4 4. Nxd4 Nf6 5. Nc3 Nc6 6. f3 Bd7 7. Be3 a6 8. Qd2 h5 9. h4 b5 10. 0-0-0 b4 11. Nd5 Nxd5 12. exd5 Ne5 13. f4 Ng4 14. Bg1 g6 15. Re1 Bg7 16. Bd3 0-0 17. f5 Bh6 18. Be3 Nxe3 19. Rxe3 Qb6 20. Be4 Rac8 21. fxg6 Rc4 22. gxf7+ Kh8 23. c3 bxc3 24. bxc3 Qa5 25. Rhh3 Rxc3+ 26. Rxc3 Bxd2+ 27. Kxd2 Rxf7 28. Nb3 Qxa2+ 29. Bc2 Bxh3 30. Rxh3 Rf2+ 0-1

[Event "WLS-ch 66th"]
[Site "Cardiff"]
[Date "2022.04.18"]
[Round "6"]
[White "Bennett, Patrick"]
[Black "Zeidler, Sven P"]
[Result "1/2-1/2"]
[WhiteElo "1961"]
[BlackElo "2157"]
[PlyCount "63"]
[EventDate "2022.04.15"]
[EventType "swiss"]
[EventRounds "7"]
[EventCountry "WLS"]
[SourceTitle "CBM 207 Extra"]
[Source "ChessBase"]
[SourceDate "2022.05.31"]
[SourceVersion "1"]
[SourceVersionDate "2022.05.31"]
[SourceQuality "1"]

1. d4 f5 2. g3 Nf6 3. Bg2 g6 4. c4 Bg7 5. Nh3 Nc6 6. d5 Ne5 7. Qb3 d6 8. Nf4 0-0 9. 0-0 c6 10. Nd2 Qb6 11. c5 Qxb3 12. Nxb3 Nxd5 13. Nxd5 cxd5 14. Bxd5+ e6 15. Bg2 d5 16. Rd1 Bd7 17. Nd4 Rfc8 18. f4 Ng4 19. h3 Nf6 20. Be3 a5 21. a4 Bf8 22. Nb3 Be8 23. Rdc1 Nd7 24. Bd4 Rc7 25. e3 Rac8 26. Nxa5 Bxc5 27. Nb3 Bxd4 28. exd4 Nb6 29. Rxc7 Rxc7 30. Nc5 Kf7 31. b3 Nd7 32. Rc1 1/2-1/2

[Event "WLS-ch 66th"]
[Site "Cardiff"]
[Date "2022.04.15"]
[Round "1"]
[White "Bennett, Patrick"]
[Black "Toczek, Grzegorz"]
[Result "0-1"]
[WhiteElo "1961"]
[BlackElo "2290"]
[PlyCount "94"]
[EventDate "2022.04.15"]
[EventType "swiss"]
[EventRounds "7"]
[EventCountry "WLS"]
[SourceTitle "CBM 207 Extra"]
[Source "ChessBase"]
[SourceDate "2022.05.31"]
[SourceVersion "1"]
[SourceVersionDate "2022.05.31"]
[SourceQuality "1"]

1. Nf3 g6 2. g3 Bg7 3. Bg2 e5 4. d3 Ne7 5. c4 0-0 6. 0-0 c6 7. Nbd2 d5 8. Rb1 Bf5 9. b4 e4 10. Nh4 exd3 11. Nxf5 dxe2 12. Qxe2 Nxf5 13. cxd5 cxd5 14. Qd3 Ne7 15. Nf3 Nd7 16. Rd1 Nb6 17. Nd4 Rc8 18. Bf4 Rc4 19. Ne2 Qd7 20. Be3 Rd8 21. Qb3 d4 22. Rd3 Nc6 23. Bxc6 Qxc6 24. Rbd1 Qb5 25. a3 Qa4 26. Qxa4 Nxa4 27. Bxd4 Re8 28. Nf4 Nb2 29. Bxb2 Bxb2 30. Rb3 Rc2 31. Rd7 b5 32. Nd3 Bf6 33. Nc5 a5 34. Rf3 Kg7 35. Nd3 Rc3 36. Ra7 Rxa3 37. Rxa5 Rxa5 38. bxa5 Ra8 39. Nc5 Rxa5 40. Rb3 Be7 41. Nd3 Ra3 42. Rxa3 Bxa3 43. Kf1 Kf6 44. Ke2 Kf5 45. f3 Ke6 46. Kd2 Kd5 47. Kc3 Bd6 0-1

[Event "WLS-ch 66th"]
[Site "Cardiff"]
[Date "2022.04.15"]
[Round "2"]
[White "McGregor, John"]
[Black "Bennett, Patrick"]
[Result "0-1"]
[WhiteElo "1874"]
[BlackElo "1961"]
[PlyCount "76"]
[EventDate "2022.04.15"]
[EventType "swiss"]
[EventRounds "7"]
[EventCountry "WLS"]
[SourceTitle "CBM 207 Extra"]
[Source "ChessBase"]
[SourceDate "2022.05.31"]
[SourceVersion "1"]
[SourceVersionDate "2022.05.31"]
[SourceQuality "1"]

1. e4 c5 2. Nc3 g6 3. d4 cxd4 4. Qxd4 Nf6 5. Be3 Bg7 6. f3 0-0 7. Qd2 Nc6 8. Nge2 Re8 9. h4 d6 10. Nf4 Bd7 11. h5 Ne5 12. hxg6 hxg6 13. 0-0-0 Qa5 14. Bd3 Rac8 15. Kb1 Bc6 16. Nfe2 e6 17. Bh6 Bh8 18. Bg5 Bg7 19. Rh3 b5 20. Rdh1 b4 21. Nd1 Ned7 22. Nf2 Qe5 23. f4 Qc5 24. Ng1 Qd4 25. c3 bxc3 26. bxc3 Rb8+ 27. Kc1 Qc5 28. Nf3 Qa3+ 29. Kd1 Rb2 30. Bc2 Nxe4 31. Nxe4 Bxe4 32. Rh8+ Bxh8 33. Rxh8+ Kxh8 34. Qd4+ Kh7 35. Qxe4 Qxc3 36. Nh4 Qxc2+ 37. Qxc2 Rxc2 38. Kxc2 f6 0-1

[Event "BCF-chT3N 1920 (4NCL)"]
[Site "England"]
[Date "2020.02.09"]
[Round "6.53"]
[White "Bennett, Patrick"]
[Black "Sakic, Simeon"]
[Result "1-0"]
[WhiteElo "2027"]
[BlackElo "2012"]
[PlyCount "67"]
[EventDate "2019.11.09"]
[EventType "team-swiss"]
[EventRounds "11"]
[EventCountry "ENG"]
[SourceTitle "EXT 2022"]
[Source "ChessBase"]
[SourceDate "2021.10.06"]
[SourceVersion "1"]
[SourceVersionDate "2021.10.06"]
[SourceQuality "1"]
[WhiteTeam "J'Adoube"]
[BlackTeam "Bolton & Worsley"]
[WhiteTeamCountry "ENG"]
[BlackTeamCountry "ENG"]

1. c4 Nf6 2. Nc3 d5 3. d4 e6 4. Bg5 Be7 5. e3 0-0 6. Nf3 b6 7. cxd5 Nxd5 8. Bxe7 Qxe7 9. Bd3 Nxc3 10. bxc3 Bb7 11. h4 c5 12. Rh3 cxd4 13. exd4 Nd7 14. Kf1 Nf6 15. Qc2 Rac8 16. Re1 Rfd8 17. Ng5 h6 18. Qd2 Qc7 19. Ne4 Nh5 20. Bb1 e5 21. Qd1 Nf4 22. Rg3 f5 23. Nf6+ Kf7 24. Nh5 g6 25. Nxf4 exf4 26. Rxg6 Kxg6 27. Qg4+ Kf6 28. Qxf5+ Kg7 29. Re6 Qc4+ 30. Kg1 Qxe6 31. Qxe6 Ba8 32. Qe7+ Kg8 33. Bh7+ Kh8 34. Bg6 1-0

[Event "BCF-chT3N 1920 (4NCL)"]
[Site "England"]
[Date "2020.01.12"]
[Round "4.22"]
[White "Bak, Christopher"]
[Black "Bennett, Patrick"]
[Result "1-0"]
[WhiteElo "2024"]
[BlackElo "2027"]
[PlyCount "73"]
[EventDate "2019.11.09"]
[EventType "team-swiss"]
[EventRounds "11"]
[EventCountry "ENG"]
[SourceTitle "EXT 2022"]
[Source "ChessBase"]
[SourceDate "2021.10.06"]
[SourceVersion "1"]
[SourceVersionDate "2021.10.06"]
[SourceQuality "1"]
[WhiteTeam "Bradford DCA Knights"]
[BlackTeam "J'Adoube"]
[WhiteTeamCountry "ENG"]
[BlackTeamCountry "ENG"]

1. e4 c5 2. Nc3 g6 3. f4 Bg7 4. Nf3 e6 5. d4 cxd4 6. Nb5 Ne7 7. Nd6+ Kf8 8. Ng5 f6 9. Ngf7 Qb6 10. Nxc8 Nxc8 11. Nxh8 Bxh8 12. h4 Qc6 13. h5 Qxe4+ 14. Kf2 g5 15. Bd3 Qd5 16. h6 Nd6 17. Re1 Nc6 18. Qh5 e5 19. fxe5 Nxe5 20. Bd2 Nxd3+ 21. cxd3 a5 22. Qe2 Re8 23. Qf3 Qxf3+ 24. Kxf3 b6 25. Rac1 Rb8 26. b4 Nf7 27. bxa5 bxa5 28. Rb1 Rxb1 29. Rxb1 Nxh6 30. Rb8+ Kg7 31. Bxa5 Nf7 32. Bc7 h5 33. a4 d6 34. a5 Kh6 35. Rb5 Kg6 36. a6 Ne5+ 37. Rxe5 1-0

[Event "BCF-chT3N 1920 (4NCL)"]
[Site "England"]
[Date "2020.01.11"]
[Round "3.12"]
[White "Bennett, Patrick"]
[Black "Collinson, Mark I"]
[Result "1/2-1/2"]
[WhiteElo "2027"]
[BlackElo "1982"]
[PlyCount "86"]
[EventDate "2019.11.09"]
[EventType "team-swiss"]
[EventRounds "11"]
[EventCountry "ENG"]
[SourceTitle "EXT 2022"]
[Source "ChessBase"]
[SourceDate "2021.10.06"]
[SourceVersion "1"]
[SourceVersionDate "2021.10.06"]
[SourceQuality "1"]
[WhiteTeam "J'Adoube"]
[BlackTeam "Euwe's North Sea Tigers"]
[WhiteTeamCountry "ENG"]
[BlackTeamCountry "ENG"]

1. Nf3 c5 2. g3 Nc6 3. Bg2 g6 4. 0-0 Bg7 5. d3 d6 6. Nc3 Nf6 7. e4 Bd7 8. Re1 e5 9. Nd5 Nxd5 10. exd5 Ne7 11. c3 0-0 12. d4 cxd4 13. cxd4 e4 14. Rxe4 Nxd5 15. Bg5 Qb6 16. Qd2 Bf5 17. Ree1 Rac8 18. Rac1 Nb4 19. Nh4 Rxc1 20. Rxc1 Qxd4 21. Nxf5 gxf5 22. Qxd4 Bxd4 23. Rc4 Bc5 24. Bh3 Kg7 25. Bxf5 f6 26. Bd2 Nc6 27. Rh4 Nd4 28. Bh6+ Kf7 29. Be4 Re8 30. Bd5+ Kg6 31. Kf1 Nf5 32. Be4 Rxe4 33. Rxe4 Kxh6 34. b4 Bb6 35. a4 a5 36. bxa5 Bxa5 37. g4 Ng7 38. Re7 b6 39. h4 f5 40. g5+ Kg6 41. Ke2 Bb4 42. f4 Bc5 43. Kf3 Bb4 1/2-1/2

[Event "BCF-chT3N 1920 (4NCL)"]
[Site "England"]
[Date "2019.11.09"]
[Round "1.72"]
[White "Patrick, David A"]
[Black "Bennett, Patrick"]
[Result "1-0"]
[WhiteElo "1904"]
[BlackElo "2027"]
[PlyCount "67"]
[EventDate "2019.11.09"]
[EventType "team-swiss"]
[EventRounds "11"]
[EventCountry "ENG"]
[SourceTitle "EXT 2022"]
[Source "ChessBase"]
[SourceDate "2021.10.06"]
[SourceVersion "1"]
[SourceVersionDate "2021.10.06"]
[SourceQuality "1"]
[WhiteTeam "Bradford DCA Knights II"]
[BlackTeam "J'Adoube"]
[WhiteTeamCountry "ENG"]
[BlackTeamCountry "ENG"]

1. e4 e6 2. d4 a6 3. Nf3 b5 4. Bd3 Bb7 5. 0-0 c5 6. c3 Nf6 7. Re1 h6 8. Bf4 Be7 9. h3 Nc6 10. a3 c4 11. Bc2 Na5 12. Nbd2 g5 13. Be5 Rg8 14. Bxf6 Bxf6 15. Nh2 Qc7 16. Ng4 Bg7 17. e5 0-0-0 18. Be4 h5 19. Bxb7+ Qxb7 20. Ne3 g4 21. hxg4 Bh6 22. Qf3 hxg4 23. Qxb7+ Kxb7 24. a4 Kb6 25. Ne4 Rg6 26. axb5 axb5 27. Nc5 d6 28. exd6 Rxd6 29. Rxa5 Kxa5 30. Nb7+ Kb6 31. Nxd6 f5 32. Nf7 Bg7 33. Nc2 Kc6 34. Nb4+ 1-0

[Event "BCF-chT3N 1819 (4NCL)"]
[Site "England"]
[Date "2019.05.06"]
[Round "11.61"]
[White "Bennett, Patrick"]
[Black "Phillips, David A"]
[Result "0-1"]
[WhiteElo "1997"]
[BlackElo "2032"]
[PlyCount "82"]
[EventDate "2018.11.10"]
[EventType "team-swiss"]
[EventRounds "11"]
[EventCountry "ENG"]
[SourceTitle "EXT 2021"]
[Source "ChessBase"]
[SourceDate "2020.10.23"]
[SourceVersion "1"]
[SourceVersionDate "2020.10.23"]
[SourceQuality "1"]
[WhiteTeam "Holmes Chapel"]
[BlackTeam "Spirit of Atticus II"]
[WhiteTeamCountry "ENG"]
[BlackTeamCountry "ENG"]

1. d4 Nf6 2. c4 c5 3. d5 b5 4. cxb5 a6 5. b6 Qxb6 6. Nc3 g6 7. e4 d6 8. Be2 Bg7 9. Nf3 0-0 10. 0-0 Nbd7 11. Nd2 Qc7 12. a4 Bb7 13. f4 e6 14. Nc4 exd5 15. exd5 Nb6 16. Nxb6 Qxb6 17. a5 Qc7 18. Ra4 Rfe8 19. Kh1 Rab8 20. f5 Nxd5 21. Nxd5 Bxd5 22. Qxd5 Rxe2 23. f6 Re5 24. Qc4 d5 25. Qc2 Bxf6 26. Bf4 Qe7 27. Bxe5 Bxe5 28. Re1 c4 29. Raa1 Qg5 30. Rab1 f6 31. Qf2 d4 32. Qf3 Qh5 33. Qxh5 gxh5 34. g3 Rb5 35. Rec1 Rb4 36. Kg2 Kf7 37. Kf3 Ke6 38. h3 Rb3+ 39. Ke2 Kd5 40. g4 d3+ 41. Kf2 Bxb2 0-1

[Event "BCF-chT3N 1819 (4NCL)"]
[Site "England"]
[Date "2019.05.05"]
[Round "10.23"]
[White "Lea, Daniel J"]
[Black "Bennett, Patrick"]
[Result "1-0"]
[WhiteElo "2102"]
[BlackElo "1997"]
[PlyCount "113"]
[EventDate "2018.11.10"]
[EventType "team-swiss"]
[EventRounds "11"]
[EventCountry "ENG"]
[SourceTitle "EXT 2021"]
[Source "ChessBase"]
[SourceDate "2020.10.23"]
[SourceVersion "1"]
[SourceVersionDate "2020.10.23"]
[SourceQuality "1"]
[WhiteTeam "3CS Oldham II"]
[BlackTeam "Holmes Chapel"]
[WhiteTeamCountry "ENG"]
[BlackTeamCountry "ENG"]

1. d4 g6 2. c4 Bg7 3. Nc3 d6 4. Nf3 Nd7 5. e4 e5 6. Be2 Ngf6 7. 0-0 0-0 8. Be3 c6 9. Qc2 Qc7 10. Rad1 a6 11. a3 Re8 12. dxe5 dxe5 13. Na4 c5 14. Nc3 b6 15. Nd5 Nxd5 16. cxd5 Qd6 17. a4 Rb8 18. Rc1 Bf8 19. Nd2 b5 20. b3 Qc7 21. Qc3 Bd6 22. Rc2 Qd8 23. Bg4 Nb6 24. Bxc8 Rxc8 25. Qa5 Qc7 26. axb5 Nxd5 27. Qxc7 Nxc7 28. b6 Ne6 29. Nc4 Nd4 30. Bxd4 cxd4 31. Nxd6 Rxc2 32. Nxe8 Rb2 33. Nd6 Rxb3 34. b7 Kf8 35. Nc4 Rxb7 36. Nxe5 a5 37. g3 a4 38. Ra1 Ra7 39. Nc6 Rc7 40. Nxd4 Rc4 41. Ne2 Ke7 42. Kf1 Kd6 43. Ke1 Rxe4 44. Kd2 Kc5 45. Nc3 Rb4 46. Kc2 Kd4 47. Rxa4 Rxa4 48. Nxa4 Ke4 49. Kd2 Kf3 50. Ke1 g5 51. Kf1 h5 52. Nc5 h4 53. gxh4 gxh4 54. h3 f5 55. Nb3 Ke4 56. Ke2 Kf4 57. Nd2 1-0

[Event "BCF-chT3N 1819 (4NCL)"]
[Site "England"]
[Date "2019.01.13"]
[Round "4.53"]
[White "Taylor, Mark"]
[Black "Bennett, Patrick"]
[Result "0-1"]
[WhiteElo "1847"]
[BlackElo "1997"]
[PlyCount "69"]
[EventDate "2018.11.10"]
[EventType "team-swiss"]
[EventRounds "11"]
[EventCountry "ENG"]
[SourceTitle "EXT 2021"]
[Source "ChessBase"]
[SourceDate "2020.10.23"]
[SourceVersion "1"]
[SourceVersionDate "2020.10.23"]
[SourceQuality "1"]
[WhiteTeam "Manchester Manticores III"]
[BlackTeam "Holmes Chapel"]
[WhiteTeamCountry "ENG"]
[BlackTeamCountry "ENG"]

1. e4 e6 2. d4 a6 3. Be3 b5 4. Bd3 Bb7 5. Nd2 f5 6. exf5 Bxg2 7. Qh5+ g6 8. fxg6 Bg7 9. gxh7+ Kf8 10. hxg8Q+ Kxg8 11. Qg6 Bxh1 12. Bg5 Qf8 13. h4 Qf7 14. 0-0-0 Nc6 15. Ne2 Qxg6 16. Bxg6 Bd5 17. c3 e5 18. f4 exd4 19. Ne4 Rf8 20. N2g3 Bf7 21. Bf5 d6 22. Rg1 Bxa2 23. h5 Rf7 24. h6 Bxh6 25. Nf6+ Kf8 26. Ngh5 Bxg5 27. Rxg5 Ke7 28. Ne4 Rhf8 29. Neg3 Na5 30. cxd4 Nb3+ 31. Kd1 Nxd4 32. Bg6 Bb3+ 33. Kc1 Rxf4 34. Nxf4 Rxf4 35. Bh5 0-1

[Event "BCF-chT3N 1819 (4NCL)"]
[Site "England"]
[Date "2019.01.12"]
[Round "3.51"]
[White "Bennett, Patrick"]
[Black "Sakic, Lorand"]
[Result "1/2-1/2"]
[WhiteElo "1997"]
[BlackElo "1999"]
[PlyCount "102"]
[EventDate "2018.11.10"]
[EventType "team-swiss"]
[EventRounds "11"]
[EventCountry "ENG"]
[SourceTitle "EXT 2021"]
[Source "ChessBase"]
[SourceDate "2020.10.23"]
[SourceVersion "1"]
[SourceVersionDate "2020.10.23"]
[SourceQuality "1"]
[WhiteTeam "Holmes Chapel"]
[BlackTeam "Bolton & Worsley"]
[WhiteTeamCountry "ENG"]
[BlackTeamCountry "ENG"]

1. d4 d5 2. Bf4 Nf6 3. e3 c5 4. c3 Qb6 5. Qc2 Nc6 6. Nf3 Bg4 7. Ne5 Nxe5 8. dxe5 Nd7 9. Nd2 g6 10. h3 Bf5 11. Bd3 Bxd3 12. Qxd3 e6 13. 0-0 Bg7 14. Nf3 0-0 15. c4 Qc6 16. Rfd1 Nb6 17. b3 dxc4 18. bxc4 Qa4 19. Nd2 Rfd8 20. Qb3 Qc6 21. Rab1 Rd7 22. Nf3 Rad8 23. Rd6 Rxd6 24. exd6 f6 25. a4 e5 26. Bg3 Rd7 27. a5 Nc8 28. h4 Nxd6 29. h5 Nf5 30. hxg6 hxg6 31. Bh2 Kf7 32. Kf1 g5 33. Qc2 Ke6 34. Qe2 Qe4 35. Rb3 Nh4 36. Ne1 Bf8 37. f3 Qc6 38. f4 Qe4 39. fxe5 fxe5 40. Nd3 Bd6 41. Bxe5 Rf7+ 42. Kg1 Qxc4 43. Rc3 Qe4 44. Rxc5 Nf3+ 45. gxf3 Rxf3 46. Bxd6 Rxe3 47. Qh2 Qg4+ 48. Kf1 Qd1+ 49. Kg2 Qg4+ 50. Kf1 Qd1+ 51. Kg2 Qg4+ 1/2-1/2

[Event "BCF-chT3N 1718 (4NCL)"]
[Site "England"]
[Date "2018.05.07"]
[Round "11.11"]
[White "Thorarinsson, Pall A"]
[Black "Bennett, Patrick"]
[Result "1/2-1/2"]
[WhiteElo "2275"]
[BlackElo "2013"]
[PlyCount "68"]
[EventDate "2017.11.11"]
[EventType "team-swiss"]
[EventRounds "11"]
[EventCountry "ENG"]
[SourceTitle "EXT 2020"]
[Source "ChessBase"]
[SourceDate "2019.10.17"]
[SourceVersion "1"]
[SourceVersionDate "2019.10.17"]
[SourceQuality "1"]
[WhiteTeam "Gonzaga"]
[BlackTeam "Holmes Chapel"]
[WhiteTeamCountry "IRL"]
[BlackTeamCountry "ENG"]

1. f4 d5 2. Nf3 g6 3. g3 Bg7 4. Bg2 Nf6 5. 0-0 0-0 6. d3 c5 7. c3 Nc6 8. Na3 Rb8 9. c4 d4 10. Bd2 Re8 11. Nc2 b5 12. cxb5 Rxb5 13. b3 Nd5 14. Na3 Rb8 15. Ng5 Ncb4 16. Ne4 Ne3 17. Bxe3 dxe3 18. Nxc5 Bxa1 19. Qxa1 Qa5 20. Na4 Bg4 21. Nc4 Qd8 22. Bf3 Bxf3 23. Rxf3 Nd5 24. Nc3 Nxc3 25. Qxc3 Qc7 26. Rxe3 Rb5 27. b4 Rh5 28. a3 Qc8 29. Qe1 f6 30. Qf2 Qd7 31. Re4 Kf8 32. Qe3 Qh3 33. Qf2 Qd7 34. Qe3 Qh3 1/2-1/2

[Event "WLS-ch 64th"]
[Site "Cardiff"]
[Date "2018.03.31"]
[Round "4"]
[White "Sands, David A"]
[Black "Bennett, Patrick"]
[Result "1-0"]
[WhiteElo "2088"]
[BlackElo "2014"]
[PlyCount "81"]
[EventDate "2018.03.30"]
[EventType "swiss"]
[EventRounds "7"]
[EventCountry "WLS"]
[SourceTitle "CBM 183 Extra"]
[Source "ChessBase"]
[SourceDate "2018.04.19"]
[SourceVersion "1"]
[SourceVersionDate "2018.04.19"]
[SourceQuality "1"]

1. d4 Nf6 2. c4 g6 3. Nc3 Bg7 4. e4 d6 5. h3 0-0 6. Bg5 Nbd7 7. Bd3 e5 8. d5 c6 9. Nge2 Qb6 10. b3 cxd5 11. cxd5 Nh5 12. Qd2 f5 13. exf5 Nc5 14. f6 Nxf6 15. 0-0 Bd7 16. Bc2 Rac8 17. Be3 a5 18. Ng3 Qc7 19. Rac1 b6 20. Nce4 Nfxe4 21. Nxe4 Bf5 22. Ng5 Qe7 23. Bxc5 bxc5 24. Bxf5 Rxf5 25. Ne4 Qc7 26. Rc4 Rb8 27. Rfc1 Rf7 28. Qd3 Rd7 29. R1c2 Rb4 30. a3 Rxc4 31. Qxc4 Qb6 32. Rc3 Rf7 33. Rd3 Rc7 34. Rf3 Rb7 35. Qa4 Qd8 36. g3 Rd7 37. Qc6 Kh8 38. Kg2 Bf8 39. Rxf8+ Qxf8 40. Qxd7 Qb8 41. Nf6 1-0

[Event "WLS-ch 64th"]
[Site "Cardiff"]
[Date "2018.03.30"]
[Round "1"]
[White "Bennett, Patrick"]
[Black "Van Kemenade, Julie"]
[Result "1-0"]
[WhiteElo "2014"]
[BlackElo "1701"]
[PlyCount "67"]
[EventDate "2018.03.30"]
[EventType "swiss"]
[EventRounds "7"]
[EventCountry "WLS"]
[SourceTitle "CBM 183 Extra"]
[Source "ChessBase"]
[SourceDate "2018.04.19"]
[SourceVersion "1"]
[SourceVersionDate "2018.04.19"]
[SourceQuality "1"]

1. d4 d6 2. Nf3 Nf6 3. g3 Nbd7 4. c4 e5 5. d5 Be7 6. Nc3 h6 7. Bg2 Nf8 8. Qc2 Ng6 9. Rb1 Bd7 10. b4 Qc8 11. h4 h5 12. Ng5 Bf5 13. e4 Bd7 14. 0-0 Ng4 15. f3 Nh6 16. Kh2 Bxg5 17. Bxg5 f6 18. Be3 Nf7 19. Rfc1 Qd8 20. Nd1 f5 21. exf5 Nxh4 22. gxh4 Qxh4+ 23. Bh3 g5 24. Qf2 Qxf2+ 25. Nxf2 g4 26. Bg2 Bxf5 27. Rb2 0-0-0 28. fxg4 hxg4+ 29. Kg3 Rde8 30. Rh1 Rhg8 31. Ne4 Rg6 32. Rf2 Bxe4 33. Bxe4 Rg7 34. Rh7 1-0

[Event "WLS-ch 64th"]
[Site "Cardiff"]
[Date "2018.03.30"]
[Round "2"]
[White "Brown, Thomas"]
[Black "Bennett, Patrick"]
[Result "1/2-1/2"]
[WhiteElo "2074"]
[BlackElo "2014"]
[PlyCount "84"]
[EventDate "2018.03.30"]
[EventType "swiss"]
[EventRounds "7"]
[EventCountry "WLS"]
[SourceTitle "CBM 183 Extra"]
[Source "ChessBase"]
[SourceDate "2018.04.19"]
[SourceVersion "1"]
[SourceVersionDate "2018.04.19"]
[SourceQuality "1"]

1. d4 Nf6 2. c4 g6 3. Nc3 Bg7 4. e4 d6 5. Nf3 0-0 6. Be2 Nbd7 7. e5 dxe5 8. dxe5 Ng4 9. e6 fxe6 10. 0-0 Nde5 11. Qxd8 Rxd8 12. Ng5 h6 13. Nge4 Nf6 14. Nxf6+ exf6 15. Bf4 Bd7 16. Bxe5 fxe5 17. Bf3 Bc6 18. Nb5 Bxf3 19. gxf3 Kf7 20. Nxc7 Rac8 21. Nb5 a6 22. Nc3 Rxc4 23. Ne4 Ke7 24. Rac1 Rdc8 25. Rc3 Rxc3 26. bxc3 Rc4 27. Rb1 b5 28. Rb4 Rxb4 29. cxb4 Kd7 30. Nc5+ Kd6 31. a3 Bf8 32. Kf1 Kd5 33. Nxa6 Kc6 34. Ke2 Kb7 35. Nc5+ Bxc5 36. bxc5 Kc6 37. Kd3 Kxc5 38. Kc3 g5 39. Kb3 Kb6 40. Kb4 Kc6 41. Kc3 Kb6 42. Kb4 Kc6 1/2-1/2

[Event "BCF-chT3N 1718 (4NCL)"]
[Site "England"]
[Date "2018.03.18"]
[Round "8.51"]
[White "Bennett, Patrick"]
[Black "White, Mark"]
[Result "1-0"]
[WhiteElo "2013"]
[BlackElo "2026"]
[PlyCount "145"]
[EventDate "2017.11.11"]
[EventType "team-swiss"]
[EventRounds "11"]
[EventCountry "ENG"]
[SourceTitle "EXT 2020"]
[Source "ChessBase"]
[SourceDate "2019.10.17"]
[SourceVersion "1"]
[SourceVersionDate "2019.10.17"]
[SourceQuality "1"]
[WhiteTeam "Holmes Chapel"]
[BlackTeam "Jorvik"]
[WhiteTeamCountry "ENG"]
[BlackTeamCountry "ENG"]

1. d4 Nf6 2. c4 c5 3. d5 b5 4. cxb5 a6 5. b6 Qxb6 6. Nc3 g6 7. e4 d6 8. Be2 Bg7 9. Nf3 0-0 10. Nd2 Bd7 11. a4 a5 12. 0-0 Na6 13. Nc4 Qc7 14. f4 Nb4 15. Bf3 Rab8 16. Qe2 e6 17. e5 Ne8 18. dxe6 fxe6 19. Nb5 Bxb5 20. axb5 d5 21. Nxa5 Ra8 22. Nb3 Rxa1 23. Nxa1 Qb6 24. Bg4 Nc7 25. Nb3 Rb8 26. Qe3 d4 27. Qh3 h5 28. Be2 d3 29. Bd1 Qxb5 30. Be3 Bf8 31. f5 exf5 32. Bxh5 Rb6 33. Qg3 Qc6 34. Rxf5 Bg7 35. Rg5 Qd5 36. Nd2 Nc2 37. Bxg6 Nxe3 38. Qxe3 Rxb2 39. Bxd3 Rb4 40. Nf3 Ne6 41. Rh5 Rb3 42. Bh7+ Kf8 43. Rf5+ Ke7 44. Qe1 Nd4 45. Qh4+ Ke8 46. Bg6+ Kd7 47. Nxd4 Rb1+ 48. Kf2 Rb2+ 49. Ne2 Rxe2+ 50. Kxe2 Qxg2+ 51. Rf2 Qxg6 52. Qh3+ Kc7 53. Qf5 Qa6+ 54. Qd3 Qa2+ 55. Kf3 Qa8+ 56. Qe4 Qe8 57. Re2 Qh5+ 58. Qg4 Qf7+ 59. Kg2 Qd5+ 60. Qe4 Qg8 61. Kh1 Qf7 62. Qg2 Bh6 63. e6 Qf5 64. e7 Qb1+ 65. Qg1 Qb7+ 66. Rg2 Kd7 67. h3 Kxe7 68. Qxc5+ Ke6 69. Qc4+ Ke5 70. Qe2+ Kf6 71. Qb2+ Qxb2 72. Rxb2 Bf4 73. Rb5 1-0

[Event "BCF-chT3N 1718 (4NCL)"]
[Site "England"]
[Date "2018.01.13"]
[Round "3.103"]
[White "Hinchcliffe, Gary"]
[Black "Bennett, Patrick"]
[Result "0-1"]
[WhiteElo "1892"]
[BlackElo "2013"]
[PlyCount "158"]
[EventDate "2017.11.11"]
[EventType "team-swiss"]
[EventRounds "11"]
[EventCountry "ENG"]
[SourceTitle "EXT 2020"]
[Source "ChessBase"]
[SourceDate "2019.10.17"]
[SourceVersion "1"]
[SourceVersionDate "2019.10.17"]
[SourceQuality "1"]
[WhiteTeam "Shropshire II"]
[BlackTeam "Holmes Chapel"]
[WhiteTeamCountry "ENG"]
[BlackTeamCountry "ENG"]

1. d4 Nf6 2. Nf3 g6 3. Bf4 Bg7 4. e3 d6 5. h3 Nbd7 6. Be2 0-0 7. 0-0 c5 8. c3 b6 9. Nbd2 Bb7 10. a4 a6 11. b4 Nd5 12. Qb3 Nxf4 13. exf4 cxd4 14. Nxd4 Bh6 15. Bf3 Bxf3 16. N2xf3 Bxf4 17. Nc6 Qe8 18. Rfe1 e6 19. Qc4 Bh6 20. Rad1 d5 21. Qh4 Nf6 22. Nfd4 Bg7 23. Rd3 Rc8 24. b5 axb5 25. axb5 Rc7 26. Qf4 Qd7 27. g4 Ne4 28. h4 Ra8 29. g5 Nd6 30. Rf3 Nxb5 31. h5 Nxd4 32. Nxd4 e5 33. Rxe5 Bxe5 34. Qxe5 Re8 35. Qf6 Qg4+ 36. Kh2 Qxh5+ 37. Rh3 Qg4 38. Nb5 Rd7 39. Nd4 Re4 40. f3 Qf4+ 41. Qxf4 Rxf4 42. Kg3 Rxd4 43. cxd4 Kg7 44. Rh1 b5 45. Rb1 Rb7 46. Rb3 f6 47. f4 b4 48. Kf3 h5 49. gxh6+ Kxh6 50. Kg4 Kg7 51. Kf3 Kf7 52. Kg3 Ke6 53. Kg4 Kd7 54. f5 g5 55. Kh5 Kc7 56. Kg6 Rb6 57. Kf7 Kb7 58. Ke7 Ka6 59. Kd7 Kb5 60. Kc7 Rc6+ 61. Kd7 Rc3 62. Rb1 Kc4 63. Ke6 b3 64. Kxf6 g4 65. Ke5 Re3+ 66. Kf4 Re4+ 67. Kg3 Kc3 68. f6 Re8 69. Kxg4 Kc2 70. Rh1 b2 71. Kf5 b1Q 72. Rxb1 Kxb1 73. f7 Re1 74. f8Q Rf1+ 75. Ke5 Rxf8 76. Kxd5 Rd8+ 77. Kc5 Kc2 78. d5 Kd3 79. Kc6 Ke4 0-1